| 000 | 01007nam a2200289 i 4500 | ||
|---|---|---|---|
| 001 | 000030224 | ||
| 003 | DO-SdBNP | ||
| 005 | 20260516194937.0 | ||
| 008 | 110505s1990 dr ac 000 0 spa d | ||
| 040 |
_aDO-SdBNP _bspa _cBNPHU _erda |
||
| 041 | _aspa | ||
| 082 | 4 |
_aRD861.44 _bK37a _222 |
|
| 100 | 1 |
_aKenton, Luis, _956915 _4aut. _eautor _d1954- |
|
| 245 | 1 | 3 |
_aEl amor y la caida : _bmi ayer, hoy y mañana / _cLuis Kenton ; prólogo, Roberto Montero - Luke |
| 250 | _aPrimera edición | ||
| 264 |
_aSanto Domingo, Rep. Dominicana : _bEducativa Dominicana, _c1990 |
||
| 300 |
_a220 págnas : _bilustraciones, retratos. ; _c21 cm |
||
| 336 |
_ardacontent _2texto _btxt |
||
| 337 |
_ardamedia _2sin mediación _bn |
||
| 338 |
_ardacarrier _2volumen _bnc |
||
| 500 | _aIncluye notas al pie de páginas | ||
| 650 | _aPoesía dominicana | ||
| 650 | _aLiteratura dominicana | ||
| 700 |
_4prol. _aMontero Luke, Roberto _eprologuista _989627 |
||
| 910 | _aValidado. Control de calidad MFF | ||
| 942 |
_2ddc _cLBS1 |
||
| 999 |
_c29716 _d29716 |
||